[Event "IECC Swiss-500.2"]
[Site "IECC email"]
[Date "2006.01.28"]
[Round "?"]
[White "Ostrovskij, Jori"]
[Black "Sookocheff, Kevin"]
[Result "1-0"]
[WhiteElo "1467"]
[BlackElo "959"]
[PlyCount "63"]
[EventDate "2006.??.??"]
[EventType "tourn (corr)"]
[EventRounds "1"]
[SourceTitle "Corr 2020"]
[Source "ChessBase"]
[SourceDate "2019.09.30"]
[SourceVersion "1"]
[SourceVersionDate "2019.09.30"]
[SourceQuality "1"]
[WhiteTeam "Finland"]
[BlackTeam "Canada"]
[WhiteTeamCountry "FIN"]
[BlackTeamCountry "CAN"]

1. d4 d5 2. Nf3 Nf6 3. Bf4 Bf5 4. e3 e6 5. Be2 Bd6 6. Bg5 0-0 7. Nbd2 Nc6 8. c4 h6 9. Bh4 g5 10. Bg3 Ne4 11. c5 Bxg3 12. hxg3 Qf6 13. Qb3 b6 14. Rc1 Rfc8 15. Nxe4 Bxe4 16. Ba6 Re8 17. Qa4 Ne7 18. Bb7 Rab8 19. Ne5 Bxg2 20. Rh2 Be4 21. Nd7 Qf5 22. Nxb8 Rxb8 23. Qxa7 Rd8 24. cxb6 Rd7 25. Ba6 cxb6 26. Qxd7 Ng6 27. Rxh6 Bd3 28. g4 Qxg4 29. Bxd3 Qg1+ 30. Bf1 g4 31. Rxg6+ Kh7 32. Qxf7+ 1-0